LEADER 01207nam--2200385---450- 001 990003591970203316 005 20120724140429.0 010 $a978-88-06-19922-7 035 $a000359197 035 $aUSA01000359197 035 $a(ALEPH)000359197USA01 035 $a000359197 100 $a20111117d2011----km-y0itay50------ba 101 1 $aita$ceng 102 $aIT 105 $a||||||||001yy 200 1 $aDoppiare il capo$esaggi e interviste$fJ. M. Coetzee$ga cura di Paola Splendore$gtraduzione di Maria Baiocchi e Paola Splendore 210 $aTorino$cEinaudi$d2011 215 $a269 p.$d21 cm 600 1$aCoetzee,$bJohn Maxwell$xInterviste$2BNCF 676 $a828.91408 700 1$aCOETZEE,$bJohn Maxwell$0142158 702 1$aSPLENDORE,$bPaola 702 1$aBAIOCCHI,$bMaria 801 0$aIT$bsalbc$gISBD 912 $a990003591970203316 951 $aVIII.3. 223$b6282 L.M.$cVIII.3.$d00267823 959 $aBK 969 $aUMA 979 $aPASSARO$b90$c20111117$lUSA01$h1000 979 $aPASSARO$b90$c20111122$lUSA01$h1038 979 $aPASSARO$b90$c20111122$lUSA01$h1040 979 $aANDRIA$b90$c20120724$lUSA01$h1404 996 $aDoppiare il capo$91136241 997 $aUNISA LEADER 04424nam 22008412 450 001 9910783187903321 005 20160525102033.0 010 $a1-107-11163-3 010 $a1-280-16230-9 010 $a0-511-11598-9 010 $a0-511-06536-1 010 $a0-511-15089-X 010 $a0-511-31038-2 010 $a0-511-48447-X 010 $a0-511-06749-6 024 7 $a2027/heb07593 035 $a(CKB)1000000000006668 035 $a(EBL)217679 035 $a(OCoLC)171122215 035 $a(SSID)ssj0000233565 035 $a(PQKBManifestationID)11199739 035 $a(PQKBTitleCode)TC0000233565 035 $a(PQKBWorkID)10220524 035 $a(PQKB)10028272 035 $a(UkCbUP)CR9780511484476 035 $a(MiAaPQ)EBC217679 035 $a(Au-PeEL)EBL217679 035 $a(CaPaEBR)ebr10014944 035 $a(CaONFJC)MIL16230 035 $a(dli)HEB07593 035 $a(MiU)MIU01000000000000007428609 035 $a(EXLCZ)991000000000006668 100 $a20090224d2000|||| uy| 0 101 0 $aeng 135 $aur||||||||||| 181 $ctxt$2rdacontent 182 $cc$2rdamedia 183 $acr$2rdacarrier 200 10$aReason, grace, and sentiment $ea study of the language of religion and ethics in England, 1660-1780$hVolume 2$iShaftesbury to Hume /$fIsabel Rivers$b[electronic resource] 210 1$aCambridge :$cCambridge University Press,$d2000. 215 $a1 online resource (xiv, 386 pages) $cdigital, PDF file(s) 225 1 $aCambridge studies in eighteenth-century English literature and thought ;$v37 300 $aTitle from publisher's bibliographic system (viewed on 05 Oct 2015). 311 $a0-521-02135-9 311 $a0-521-38341-2 320 $aIncludes bibliographical references and indexes. 327 $aCover; Half-title; Series-title; Title; Copyright; Dedication; Contents; Preface; Abbreviations; Introduction; 1 The true religion of nature: the freethinkers and their opponents; 2 Shaftesbury and the defence of natural affection; 3 Defining the moral faculty: Hutcheson, Butler, and Price; 4 The ethics of sentiment and the religious hypothesis: Hume and his critics; 5 The conflict of languages in the later eighteenth century; Bibliography; Index 330 $aThis volume completes Isabel Rivers' widely acclaimed exploration of the relationship between religion and ethics from the mid-seventeenth to the later eighteenth centuries. She investigates the effect of attempts to separate ethics from religion, and to locate the foundation of morals in the constitution of human nature. Focusing on moral philosophy and the educational institutions in which (or in spite of which) these ideas were developed, the book pays close attention to the movement of ideas through the British Isles, in particular the spread of Shaftesbury's thought from England to Ireland and Scotland, and the varied reception of Hume's scepticism north and south of the border. It also demonstrates the enormous influence of Shaftesbury's moral thought and the ultimate triumph of the English interpretation of Shaftesbury with the rise of Butler. Meticulously researched and accessibly written, this volume makes a vital contribution to our understanding of eighteenth-century thought. 410 0$aCambridge studies in eighteenth-century English literature and thought ;$v37. 517 3 $aReason, Grace, & Sentiment 606 $aReligious thought$zEngland$y17th century 606 $aEnglish language$xReligious aspects$xChristianity 606 $aReligious thought$zEngland$y18th century 606 $aChristian ethics$zEngland$xHistory$y17th century 606 $aChristian ethics$zEngland$xHistory$y18th century 607 $aEngland$xChurch history$y17th century 607 $aEngland$xChurch history$y18th century 607 $aEngland$xIntellectual life$y17th century 607 $aEngland$xIntellectual life$y18th century 607 $aEngland$xLanguages 615 0$aReligious thought 615 0$aEnglish language$xReligious aspects$xChristianity. 615 0$aReligious thought 615 0$aChristian ethics$xHistory 615 0$aChristian ethics$xHistory 676 $a209/.42/09032 700 $aRivers$b Isabel$0132114 801 0$bUkCbUP 801 1$bUkCbUP 906 $aBOOK 912 $a9910783187903321 996 $aReason, Grace, and Sentiment$91134163 997 $aUNINA